Instruments and experimentation in the history of chemistry (Registro nro. 296857)

Detalles MARC
000 -ENCABEZADO
Número de control [NR] 01167cam a2200289Ma 4500
003 - IDENTIFICADOR DE CONTROL NÚMERO
control field Co-BoUCM
005 - FECHA Y HORA DE LA ÚLTIMA TRANSACCIÓN
control field 20240626114523.0
008 - DE LONGITUD FIJA DE DATOS DE ELEMENTOS - INFORMACIÓN GENERAL
Elementos de longitud fija [NR] 140922s2000 xxuad fr 001 0 eng d
020 ## - NUMERO INTERNACIONAL NORMALIZADO PARA LIBROS [R]
Número Internacional Normalizado del libro [NR] 0262082829
020 ## - NUMERO INTERNACIONAL NORMALIZADO PARA LIBROS [R]
Número Internacional Normalizado del libro [NR] 9780262082822
040 ## - FUENTE DE CATALOGACION [NR]
Agencia de catalogación original [NR] CO-BoUCM
Idioma de catalogación [NR] spa
Quien Cataloga Jose A. Gerena
Quien Clasifica David Moreno (modificó)
041 0# - CODIGO DE IDIOMA [R]
Código de idioma para texto/pista de sonido o título separado [R] Inglés
245 00 - MENCION DE TITULO [NR]
Título [NR] Instruments and experimentation in the history of chemistry
Mención de responsabilidad, etc. [NR] editado por Frederic L. Holmes, Trevor H. Levere
260 ## - PUBLICACION, DISTRIBUCION, ETC. (PIE DE IMPRENTA) [R]
Lugar de publicación, distribución, etc. [R] Cambridge (Massachusetts, Estados Unidos)
Nombre del editor, distribuidor, etc. [R] MIT press
Fecha de publicación, distribución, etc. [R] 2000
300 ## - DESCRIPCION FISICA [R]
Extensión [R] xxi, 415 páginas
Otros detalles físicos [NR] ilustraciones, cuadros
490 ## - MENCION DE SERIE [R]
Mención de serie [R] Dibner Institute studies in the history of science and technology
504 ## - NOTA DE BIBLIOGRAFIA, ETC. [R]
Nota de bibliografía, etc. [NR] Incluye referencias bibliográficas e índices
650 #7 - ASIENTO SECUNDARIO DE MATERIA - TERMINO TEMATICO [R]
Término temático o nombre geográfico como elemento de entrada [NR] Química
Subdivisión general [R] Historia
9 (RLIN) 22980
650 #7 - ASIENTO SECUNDARIO DE MATERIA - TERMINO TEMATICO [R]
Término temático o nombre geográfico como elemento de entrada [NR] Experimentación científica
Subdivisión general [R] Historia
9 (RLIN) 15436
650 #7 - ASIENTO SECUNDARIO DE MATERIA - TERMINO TEMATICO [R]
Término temático o nombre geográfico como elemento de entrada [NR] Química
Subdivisión general [R] Experimentación
9 (RLIN) 22980
650 #7 - ASIENTO SECUNDARIO DE MATERIA - TERMINO TEMATICO [R]
Término temático o nombre geográfico como elemento de entrada [NR] Química
Subdivisión general [R] Instrumentos
9 (RLIN) 22980
690 ## - ASUNTO AGREGADO LOCAL DE ENTRADA - TÉRMINO TEMÁTICO (OCLC, RLIN)
Acceso temático local Ciencias naturales
9 (RLIN) 10813
700 1# - ASIENTO SECUNDARIO - NOMBRE PERSONAL [R]
Nombre personal [NR] Holmes, Frederic Lawrence
Término de relación [R] editor
9 (RLIN) 65402
700 1# - ASIENTO SECUNDARIO - NOMBRE PERSONAL [R]
Nombre personal [NR] Levere, Trevor Harvey
Término de relación [R] editor
9 (RLIN) 64661
942 ## - ELEMENTOS DE ENTRADA AGREGADOS (KOHA)
Sistema de clasificación DEWEY
Tema principal Ciencias puras
Tipo de ítem principal el descrito en 300a Libro
Edición 1
Clasificación 540
Parte restante de la signatura top. I599
Título oculto en OPAC No
Existencias
Fecha de último préstamo Total préstamos Signatura topográfica Código de barras Última vez visto Ejemplar Costo de reposición Price effective from Tipo de ítem Perdido Sistema de clasificación Dañado No prestable Tipo de ítem específico Suprimido Ubicación habitual Ubicación actual Localización Fecha de creación Proveedor Forma de adquisición Costo
16/03/2017 1 540 I599 200027781 04/12/2025 Ej.1 121011.00 18/09/2014 Libro   DEWEY     Libro   Claustro Claustro 4to piso 18/09/2014 15 Compra 119340.00